000 00633cab a2200217 4500
001 WB3040-53
008 090401t1994 xxu||||| |||| 00| 0 eng d
035 _a(Sirsi) u75824
041 _aeng
245 _aZambia
260 _c1994
300 _aLOAN
350 _a0
490 _aFinancial Times
_v24 October 1994, (5)
520 _aAn FT survey of Zambia including articles on the agricultural sector, the political scene, the restructuring of the copper industry and the banking sector.
650 _aCOPPER INDUSTRY
650 _aZAMBIA
690 _aOVERSEAS-REST OF THE WORLD
942 _n0
948 _c04/03/1997
999 _c47699
_d47699